[Event "London Classic Super rapid 8th"]
[Site "London"]
[Date "2016.12.17"]
[Round "5"]
[White "Batchelor, Peter"]
[Black "Gordon, Stephen J"]
[Result "1-0"]
[WhiteElo "2365"]
[BlackElo "2510"]
[PlyCount "71"]
[EventDate "2016.12.17"]
[EventType "swiss (rapid)"]
[EventRounds "10"]
[EventCountry "ENG"]
[SourceTitle "CBM 176 Extra"]
[Source "ChessBase"]
[SourceDate "2017.03.02"]
[SourceVersion "1"]
[SourceVersionDate "2017.03.02"]
[SourceQuality "1"]

1. Nf3 c5 2. c4 Nf6 3. d4 cxd4 4. Nxd4 e6 5. Nc3 Bb4 6. g3 0-0 7. Bg2 d5 8. cxd5 Nxd5 9. Bd2 Bxc3 10. bxc3 e5 11. Nc2 Nb6 12. 0-0 Nc6 13. Ne3 Be6 14. a4 Qc7 15. Qc2 Rfd8 16. Rfb1 Rac8 17. a5 Nc4 18. Nxc4 Bxc4 19. Be3 Nxa5 20. Bxa7 b5 21. Be3 Rb8 22. h4 Bd5 23. Bxd5 Rxd5 24. Qe4 Rbd8 25. Kh2 Nc4 26. Ra7 Qd6 27. Rba1 Nxe3 28. Qxe3 h6 29. R1a6 Qc5 30. Qf3 Rf8 31. Rxf7 Rdd8 32. Rxg7+ Kxg7 33. Qg4+ Kh7 34. Qg6+ Kh8 35. Qxh6+ Kg8 36. Rg6+ 1-0

[Event "London Classic op 8th"]
[Site "London"]
[Date "2016.12.11"]
[Round "4"]
[White "Grassie, Duncan"]
[Black "Batchelor, Peter"]
[Result "0-1"]
[WhiteElo "2100"]
[BlackElo "2365"]
[PlyCount "82"]
[EventDate "2016.12.09"]
[EventType "swiss"]
[EventRounds "9"]
[EventCountry "ENG"]
[SourceTitle "CBM 176 Extra"]
[Source "ChessBase"]
[SourceDate "2017.03.02"]
[SourceVersion "1"]
[SourceVersionDate "2017.03.02"]
[SourceQuality "1"]

1. d4 Nf6 2. Bg5 d5 3. Bxf6 gxf6 4. c4 dxc4 5. e3 Be6 6. Ne2 c6 7. Nf4 Bd5 8. Nc3 f5 9. Qh5 e6 10. f3 Nd7 11. Ncxd5 exd5 12. Qxf5 Qf6 13. Qxf6 Nxf6 14. Kf2 0-0-0 15. g3 Kb8 16. Bh3 c5 17. b3 cxd4 18. exd4 Bh6 19. Ng2 Rhe8 20. Rhe1 Bd2 21. Re2 Rxe2+ 22. Kxe2 c3 23. Kd3 Re8 24. Rd1 h5 25. Rxd2 cxd2 26. Kxd2 Kc7 27. Ne3 b5 28. b4 a5 29. g4 hxg4 30. Bxg4 axb4 31. Nc2 Nxg4 32. fxg4 Rh8 33. Nxb4 Rxh2+ 34. Ke3 Kd6 35. Kf4 Rd2 36. Kf5 Rxd4 37. a3 Rd2 38. Kf6 Rf2+ 39. Kg7 Rg2 40. Kxf7 Rxg4 41. Kf6 Rxb4 0-1

[Event "BCF-chT1b 1617 (4NCL)"]
[Site "England"]
[Date "2016.11.20"]
[Round "2.63"]
[White "Tarhon, Brian"]
[Black "Batchelor, Peter"]
[Result "1/2-1/2"]
[WhiteElo "2300"]
[BlackElo "2361"]
[PlyCount "39"]
[EventDate "2016.11.19"]
[EventType "team-tourn"]
[EventRounds "7"]
[EventCountry "ENG"]
[SourceTitle "CBM 175 Extra"]
[Source "ChessBase"]
[SourceDate "2016.12.12"]
[SourceVersion "1"]
[SourceVersionDate "2016.12.12"]
[SourceQuality "1"]
[WhiteTeam "Barbican II"]
[BlackTeam "Grantham Sharks"]
[WhiteTeamCountry "ENG"]
[BlackTeamCountry "ENG"]

1. e4 c6 2. d4 d5 3. Nc3 dxe4 4. Nxe4 Bf5 5. Ng3 Bg6 6. h4 h6 7. Nf3 Nd7 8. h5 Bh7 9. Bd3 Bxd3 10. Qxd3 e6 11. Bd2 Ngf6 12. 0-0-0 Be7 13. Kb1 0-0 14. Ne4 c5 15. Be3 Qc7 16. dxc5 Rfd8 17. Nxf6+ Nxf6 18. Qe2 Nd5 19. Bd4 Bxc5 20. c4 1/2-1/2

[Event "GBR-ch 103rd"]
[Site "Bournemouth"]
[Date "2016.08.05"]
[Round "11"]
[White "Gormally, Daniel"]
[Black "Batchelor, Peter"]
[Result "1-0"]
[WhiteElo "2494"]
[BlackElo "2341"]
[PlyCount "97"]
[EventDate "2016.07.25"]
[EventType "swiss"]
[EventRounds "11"]
[EventCountry "ENG"]
[SourceTitle "CBM 173 Extra"]
[Source "ChessBase"]
[SourceDate "2016.08.29"]
[SourceVersion "1"]
[SourceVersionDate "2016.08.29"]
[SourceQuality "1"]

1. d4 d5 2. c4 e6 3. Nf3 Nf6 4. g3 Be7 5. Bg2 0-0 6. Nbd2 Nbd7 7. 0-0 b6 8. cxd5 exd5 9. Ne5 Bb7 10. Ndf3 Bd6 11. Bf4 Ne4 12. Rc1 c5 13. Qa4 Nxe5 14. dxe5 Be7 15. Rcd1 Qe8 16. Qb3 Rd8 17. Ne1 Bc6 18. Qc2 c4 19. Nf3 Bc5 20. e3 Ba4 21. b3 cxb3 22. axb3 Bb5 23. Rd3 Bxd3 24. Qxd3 a5 25. h4 a4 26. bxa4 Qxa4 27. Bg5 f6 28. exf6 gxf6 29. Bh6 Rfe8 30. Nd4 Bxd4 31. exd4 f5 32. Bh3 Qc6 33. Bf4 Qc4 34. Qf3 Qxd4 35. Bxf5 Kh8 36. Rc1 Re7 37. Be3 Qe5 38. Rd1 d4 39. Bxe4 Ree8 40. Bg5 Rf8 41. Qd3 Rd7 42. Kg2 b5 43. Rb1 Rdf7 44. f3 Rg7 45. Rxb5 Qe6 46. Qxd4 h6 47. Rb6 Qa2+ 48. Bd2 Rfg8 49. Rxh6# 1-0

[Event "GBR-ch 103rd"]
[Site "Bournemouth"]
[Date "2016.08.03"]
[Round "9"]
[White "Willmoth, Robert"]
[Black "Batchelor, Peter"]
[Result "0-1"]
[WhiteElo "2189"]
[BlackElo "2341"]
[PlyCount "76"]
[EventDate "2016.07.25"]
[EventType "swiss"]
[EventRounds "11"]
[EventCountry "ENG"]
[SourceTitle "CBM 173 Extra"]
[Source "ChessBase"]
[SourceDate "2016.08.29"]
[SourceVersion "1"]
[SourceVersionDate "2016.08.29"]
[SourceQuality "1"]

1. d4 Nf6 2. Nf3 d5 3. g3 g6 4. Bg2 Bg7 5. 0-0 0-0 6. c4 dxc4 7. Na3 c3 8. bxc3 c5 9. Ne5 Nc6 10. Nxc6 bxc6 11. Bxc6 Bh3 12. Re1 Rc8 13. Bh1 Qa5 14. Qd2 Rfd8 15. Rb1 cxd4 16. cxd4 Qxd2 17. Bxd2 Rxd4 18. Bb7 Rf8 19. Be3 Ra4 20. Bc5 Ne4 21. Bxe4 Rxe4 22. e3 Ra4 23. Rb7 a5 24. Bxe7 Re8 25. Nb5 Rxa2 26. Nd6 Ra8 27. Reb1 h6 28. Ne4 Bf5 29. Rb8+ Kh7 30. Nf6+ Bxf6 31. Bxf6 Rxb8 32. Rxb8 g5 33. Rb2 Ra1+ 34. Kg2 g4 35. f3 h5 36. e4 gxf3+ 37. Kxf3 Be6 38. Rb8 Rf1+ 0-1